| 000 | 006390000a22002050004500 | ||
|---|---|---|---|
| 020 | _a0-89922-195-5 | ||
| 041 | 0 | _aSPA | |
| 082 | 0 | 4 | _aG 261.515 C8344s |
| 100 | 1 | _aCosgrove, Mark P. | |
| 245 | 1 | 0 | _aSalud mental : Un enfoque cristiano / Mark P. Cosgrove, James D. Mallory ; Wesly Vargas, Traductor. |
| 260 | _aMiami, FL., USA : Caribe | ||
| 300 | _a87 Pag. | ||
| 500 | _aTítulo original : Mental health : A christian approach | ||
| 650 | 1 | 4 | _aSALUD MENTAL \ PSICOTERAPIA - CRISTIANA |
| 001 | 639 | ||
| 942 | _cBK | ||
| 999 |
_c32134 _d32134 |
||
| 336 |
_atexto _btxt _2rdacontent |
||
| 337 |
_2rdamedia _asin mediación _bn |
||
| 338 |
_2rdacarrier _avolumen _bnc |
||